header

Social context and fluency in L2 learners (Record no. 146550)

MARC details
000 -LEADER
fixed length control field 01649nam a2200385 a 4500
082 04 - DEWEY DECIMAL CLASSIFICATION NUMBER
Classification number 306.4409429
100 1# - MAIN ENTRY--AUTHOR NAME
Personal name Newcombe, Lynda Pritchard.
245 10 - TITLE STATEMENT
Title Social context and fluency in L2 learners
260 ## - PUBLICATION, DISTRIBUTION, ETC. (IMPRINT)
Place of publication Clevedon, UK ;
-- Buffalo, NY :
Name of publisher Multilingual Matters,
Year of publication c2007.
300 ## - PHYSICAL DESCRIPTION
Number of Pages xiv, 139 p. :
Other physical details ill., maps.
490 1# - SERIES STATEMENT
Series statement New perspectives on language and education
650 #0 - SUBJECT ADDED ENTRY--TOPICAL TERM
Topical Term Language and languages
Topical Term Welsh language
856 40 - ELECTRONIC LOCATION AND ACCESS
Uniform Resource Identifier http://site.ebrary.com/lib/rucke/Doc?id=10189011

No items available.

© 2026 Rongo University
Contact us: librarian | system librarian | Rongo university